000 00655nam a22002057a 4500
999 _c21307
_d21307
003 AR-CdUCM
008 190327b ||||| |||| 00| 0 spa d
020 _a9786120027578
040 _aMUNICIPALIDAD PROVINCIAL DEL CUSCO
_cBIBLIOTECA MUNICIPAL DEL CUSCO
082 _aES/869/C26M
_bC26M
100 _aCarbajal García, Emilio
_944462
245 _aMunasqa Yuyaylla Kausayraq Andean Longig /
260 _aCusco ;
_bLDC,
_c2017.
300 _a120 Páginas ;
_c21 cm.
500 _aTexto en idioma Quechua, Castellano, Inglés.
650 _aLiteratura infantil
_9588
650 _aLiteratura cusqueña
_944461
942 _2ddc
_cLIBROS
945 _aRoel